书目信息 |
| 题名: |
云梯消防车救助技术操法
|
|
| 作者: | 孔凡泉 , 赵泽明 主编 ;北京市公安消防总队 编 | |
| 分册: | ||
| 出版信息: | 北京 中国人民公安大学出版社 2003.01 |
|
| 页数: | 164页 | |
| 开本: | 26cm | |
| 丛书名: | ||
| 单 册: | ||
| 中图分类: | TU998.13 | |
| 科图分类: | ||
| 主题词: | 消防汽车--技术教育--教材 , 市政工程 , 城市公共设施 | |
| 电子资源: | ||
| ISBN: | 7-81087-214-1 | |
| 000 | 01138nam0 2200301 450 | |
| 001 | 0104000022 | |
| 005 | 20050927111123.1 | |
| 010 | @a7-81087-214-1@dCNY38.00 | |
| 100 | @a20081127d2003 ekmy0chiy0120 ea | |
| 101 | 0 | @achi |
| 102 | @aCN@b110000 | |
| 105 | @aa z 000yy | |
| 106 | @ar | |
| 200 | 1 | @a云梯消防车救助技术操法@AYun Ti Xiao Fang Che Jiu Zhu Ji Shu Cao Fa@f赵泽明, 孔凡泉主编@FZhao Ze Ming , Kong Fan Quan Zhu Bian@g北京市公安消防总队编 |
| 210 | @a北京@c中国人民公安大学出版社@d2003.01 | |
| 215 | @a164页@c图@d26cm | |
| 300 | @a消防救助技术训练教材 | |
| 330 | @a本书是一本综合云梯消防车的技术、性能、维护、保养和救助技术为一体的实用教材,其内容有助于在灾害发生时运用规范的、科学的云梯消防车救助技术操法,简便、有效、快捷地抢救遇险人员。 | |
| 606 | 0 | @a消防汽车@z技术教育@j教材 |
| 606 | 0 | @a市政工程 |
| 606 | 0 | @a城市公共设施 |
| 690 | @aTU998.13@v4 | |
| 701 | 0 | @a孔凡泉@AKong Fan Quan@4主编 |
| 701 | 0 | @a赵泽明@AZhao Ze Ming@4主编 |
| 712 | 02 | @a北京市公安消防总队@ABei Jing Shi Gong An Xiao Fang Zong Dui@4编 |
| 801 | 0 | @aCN@bHTDF@c20081127 |
| 905 | @aBZT@dTU998.13@e1@f10 | |
| 906 | @dCNY38.00@n0@r1 | |
| 云梯消防车救助技术操法/赵泽明, 孔凡泉主编/北京市公安消防总队编.-北京:中国人民公安大学出版社,2003.01 |
| 164页:图;26cm |
| 消防救助技术训练教材 |
| ISBN 7-81087-214-1:CNY38.00 |
| 本书是一本综合云梯消防车的技术、性能、维护、保养和救助技术为一体的实用教材,其内容有助于在灾害发生时运用规范的、科学的云梯消防车救助技术操法,简便、有效、快捷地抢救遇险人员。 |
| ● |
| 相关链接 |
|
|
|
正题名:云梯消防车救助技术操法
索取号:TU998.13/1
 
预约/预借
| 序号 | 登录号 | 条形码 | 馆藏地/架位号 | 状态 | 备注 |
| 1 | 713122 | 2000713122 | 中心书库中库/ 中库022架A面8列7层39/ [索取号:TU998.13/1] | 在馆 | |
| 2 | 713123 | 2000713123 | 中心书库中库/ 中库022架A面8列7层38/ [索取号:TU998.13/1] | 在馆 | |
| 3 | 713124 | 2000713124 | 中心书库中库/ 中库022架A面8列7层37/ [索取号:TU998.13/1] | 在馆 | |
| 4 | 713125 | 2000713125 | 中心书库中库/ 中库022架A面8列7层36/ [索取号:TU998.13/1] | 在馆 | |
| 5 | 713126 | 2000713126 | 中心书库中库/ 中库022架A面8列7层33/ [索取号:TU998.13/1] | 在馆 | |
| 6 | 713127 | 2000713127 | 中心书库中库/ 中库022架A面8列7层34/ [索取号:TU998.13/1] | 在馆 | |
| 7 | 713128 | 2000713128 | 中心书库中库/ 中库022架A面8列7层42/ [索取号:TU998.13/1] | 在馆 | |
| 8 | 713129 | 2000713129 | 中心书库中库/ 中库022架A面8列7层35/ [索取号:TU998.13/1] | 在馆 | |
| 9 | 713130 | 2000713130 | 中心书库中库/ 中库022架A面8列7层41/ [索取号:TU998.13/1] | 在馆 | |
| 10 | 713131 | 2000713131 | 中心书库中库/ 中库022架A面8列7层40/ [索取号:TU998.13/1] | 在馆 |